Imiona nadane dziewczynkom w 2022 - top 200 - Statystyki

Ogólne statystyki
  • Ten quiz został rozwiązany 48 razy
  • Średni wynik to 125 z 200
Statystyki odpowiedzi
Odpowiedź % Poprawnych
2 Z Zuzanna
100%
114 M Monika
97%
1 Z Zofia
97%
24 A Anna
93%
20 H Helena
93%
6 J Julia
93%
51 M Magdalena
93%
11 M Maria
93%
117 M Mariia
93%
68 P Paulina
93%
115 V Victoria
93%
150 V Viktoria
93%
135 V Viktoriia
93%
15 W Wiktoria
93%
22 A Aleksandra
90%
44 B Barbara
90%
107 E Eva
90%
66 E Ewa
90%
3 H Hanna
90%
10 L Lena
90%
5 M Maja
90%
57 M Marianna
90%
143 M Maya
90%
30 N Natalia
90%
146 O Oleksandra
90%
81 P Patrycja
90%
141 V Varvara
90%
118 V Veronika
90%
39 W Weronika
90%
149 Y Yeva
90%
12 E Emilia
86%
130 E Emiliia
86%
63 J Joanna
86%
139 L Livia
86%
26 Ł Łucja
86%
64 M Małgorzata
86%
84 O Olivia
86%
7 O Oliwia
86%
49 A Agata
83%
27 B Blanka
83%
17 I Iga
83%
59 I Izabela
83%
168 I Izabella
83%
91 K Kamila
83%
54 K Kinga
83%
82 K Klaudia
83%
4 L Laura
83%
77 M Malwina
83%
40 R Róża
83%
98 A Ada
79%
8 A Alicja
79%
79 D Daria
79%
69 D Dominika
79%
96 D Dorota
79%
166 E Evelina
79%
125 E Ewelina
79%
46 K Karolina
79%
25 K Kornelia
79%
65 L Lidia
79%
189 L Lily
79%
18 M Michalina
79%
41 R Rozalia
79%
99 A Alina
76%
60 B Bianka
76%
111 C Celina
76%
50 E Eliza
76%
23 G Gabriela
76%
126 J Justyna
76%
71 K Katarzyna
76%
173 K Kateryna
76%
19 M Marcelina
76%
47 M Martyna
76%
33 M Milena
76%
155 N Nicole
76%
142 N Nikol
76%
112 S Sandra
76%
70 U Urszula
76%
119 A Agnieszka
72%
13 A Amelia
72%
109 J Janina
72%
21 K Klara
72%
93 L Lilia
72%
32 L Lilianna
72%
74 M Marta
72%
45 M Matylda
72%
29 N Nadia
72%
192 N Nicola
72%
9 P Pola
72%
56 W Wanda
72%
103 A Adela
69%
194 A Adriana
69%
52 A Adrianna
69%
42 A Aniela
69%
120 E Elżbieta
69%
36 K Kaja
69%
37 N Nikola
69%
38 N Nina
69%
43 S Sara
69%
144 T Teresa
69%
191 Y Yelyzaveta
69%
167 A Anastasia
66%
151 A Anastasiia
66%
197 A Aneta
66%
61 D Diana
66%
55 G Gaja
66%
113 I Inga
66%
164 I Irena
66%
97 J Jadwiga
66%
165 J Julianna
66%
159 L Lucyna
66%
85 O Olga
66%
188 P Paula
66%
177 S Sabina
66%
67 Z Zoja
66%
34 A Anastazja
62%
148 A Anita
62%
53 A Aurelia
62%
181 D Danuta
62%
101 F Felicja
62%
123 F Franciszka
62%
75 I Ida
62%
90 J Jaśmina
62%
58 K Kalina
62%
16 L Liliana
62%
35 M Mia
62%
78 N Nel
62%
14 A Antonina
59%
128 D Dagmara
59%
88 E Emma
59%
31 J Jagoda
59%
161 J Julita
59%
48 L Liwia
59%
87 L Luiza
59%
132 M Marlena
59%
28 N Nela
59%
86 E Elena
55%
158 J Jowita
55%
136 K Krystyna
55%
174 A Amanda
52%
80 J Jagna
52%
122 K Karina
52%
105 L Lila
52%
62 M Melania
52%
133 R Roksana
52%
145 V Vanessa
52%
72 A Apolonia
48%
186 M Malina
48%
121 M Mila
48%
83 S Stefania
48%
162 F Faustyna
45%
182 I Ines
45%
185 I Inez
45%
94 L Lara
45%
100 M Marika
45%
175 O Oktawia
45%
131 S Sonia
45%
108 T Tola
45%
140 F Florentyna
41%
157 J Judyta
41%
92 L Lea
41%
89 R Rita
41%
129 G Gloria
38%
196 S Sophie
38%
187 N Natasza
34%
127 N Noemi
34%
163 O Otylia
34%
176 A Antonia
31%
171 K Klementyna
31%
76 M Milana
31%
180 M Myroslava
31%
73 S Sofia
31%
95 S Sofiia
31%
179 S Sophia
31%
116 A Adelina
28%
156 A Angelina
28%
137 A Aurora
28%
138 K Konstancja
28%
152 M Mira
28%
198 R Roma
28%
193 I Idalia
24%
160 I Inka
24%
195 J Jana
24%
169 J Józefina
24%
200 M Marietta
24%
183 N Naomi
24%
170 A Ariana
21%
172 D Dalia
21%
134 E Estera
21%
154 L Luna
21%
153 M Melisa
21%
184 S Stella
21%
190 V Valeriia
21%
178 E Emily
14%
110 K Kira
14%
104 P Polina
14%
124 A Arina
10%
147 S Solomiia
10%
106 A Alisa
7%
199 A Amina
7%
102 Z Zlata
7%
Nie znaleziono quizów pasujących do podanych kryteriów
Rozkład punktacji
Procent ludzi z każdym wynikiem
Percentyl według liczby udzielonych odpowiedzi
Twoja historia wyników
Nie rozwiązałeś tego quizu